中國基督教人物小傳 [上卷] / 查時傑著 Zhongguo Jidu jiao ren wu xiao zhuan = Concise biographies of important Chinese Christians {ch} / (Record no. 37507)
[ view plain ]
| 000 -LEADER | |
|---|---|
| fixed length control field | 00719nam a2200205 a 4500 |
| 001 - CONTROL NUMBER | |
| control field | 012663 |
| 003 - CONTROL NUMBER IDENTIFIER | |
| control field | CWTS |
| 005 - DATE AND TIME OF LATEST TRANSACTION | |
| control field | 20140526175326.0 |
| 008 - FIXED-LENGTH DATA ELEMENTS--GENERAL INFORMATION | |
| fixed length control field | 120920| ||||| |||| 0| chi d |
| 020 ## - INTERNATIONAL STANDARD BOOK NUMBER | |
| International Standard Book Number | 9789579337304 |
| 040 ## - CATALOGING SOURCE | |
| Transcribing agency | CWTS |
| 041 ## - LANGUAGE CODE | |
| Language code of text/sound track or separate title | chi |
| 050 ## - LIBRARY OF CONGRESS CALL NUMBER | |
| Classification number | BR1296.C5 |
| Item number | 1983 V1 |
| 100 ## - MAIN ENTRY--PERSONAL NAME | |
| Personal name | 查時傑 Cha, James Shih-Chieh |
| 9 (RLIN) | 112 |
| 245 ## - TITLE STATEMENT | |
| Title | 中國基督教人物小傳 [上卷] / 查時傑著 Zhongguo Jidu jiao ren wu xiao zhuan = Concise biographies of important Chinese Christians {ch} / |
| Statement of responsibility, etc | 查時傑著. ; Shijie Zha |
| 260 ## - PUBLICATION, DISTRIBUTION, ETC. (IMPRINT) | |
| Place of publication, distribution, etc | 臺北 : |
| Name of publisher, distributor, etc | 中華福音神學院出版社, |
| Date of publication, distribution, etc | 1983. |
| 300 ## - PHYSICAL DESCRIPTION | |
| Extent | iv., 348 p., : |
| Other physical details | ports. ; |
| Dimensions | 21 cm. |
| 650 ## - SUBJECT ADDED ENTRY--TOPICAL TERM | |
| Topical term or geographic name as entry element | Christian biography |
| Geographic subdivision | China {ch}. |
| 942 ## - ADDED ENTRY ELEMENTS (KOHA) | |
| Source of classification or shelving scheme | Library of Congress Classification |
| Item type | Books |
| Withdrawn status | Lost status | Source of classification or shelving scheme | Damaged status | Not for loan | Home library | Current library | Shelving location | Date acquired | Source of acquisition | Cost, normal purchase price | Serial Enumeration / chronology | Accession number | Total Checkouts | Full call number | Barcode | Date last seen | Price effective from | Koha item type |
|---|---|---|---|---|---|---|---|---|---|---|---|---|---|---|---|---|---|---|
| Library of Congress Classification | BSOP Library | BSOP Library | Special Collections Chinese | 05/26/2014 | Hua Xuan | 420.00 | v. I | C-11989 | BR1296.C5 C34c | 00043989 | 05/26/2014 | 05/26/2014 | Books |
